• 首页
  • 本馆介绍
  • 公告通知
  • 最新文献
  • 馆藏检索
  • 电子资源
  • 读者导购
  • 参考咨询
  • 我的图书馆
  • 登录
  • 详细信息显示
  • 放入我的书架
  • 预约/预借图书
  • 作者相关作品
  • 分类相关作品
  • 丛书相关作品
  • 出版社相关作品

书目信息

  • 表格格式
  • 工作单格式
  • 卡片格式
题名:
现代科学与技术概论
    
 
作者: 刘啸霆 主编
分册:  
出版信息: 北京   高等教育出版社  2014.4
页数: 384页
开本: 23cm
丛书名:
单 册:
中图分类: N43
科图分类:
主题词: 现代科学--高等学校--教材
电子资源:
ISBN: 978-7-04-032821-9
000 00812nam0 2200241 450
001 0400003603
005 20171022103546.0
010    @a978-7-04-032821-9@dCNY33.20
100    @a20171022e20162014em y0chiy ea
101 0  @achi
102    @aCN@b110000
105    @ay z 000yy
106    @ar
200 1  @a现代科学与技术概论@9xian dai ke xue yu ji shu gai lun@f刘啸霆主编
210    @a北京@c高等教育出版社@d2014.4@h2016.10
215    @a384页@d23cm
300    @a北京高等教育精品教材
330    @a本书内容包括对全部自然科学和技术的主要内容及思想方法作概要式的定性描述或鸟瞰。具体分为科学技术的由来、现代科学、现代技术、科学技术与社会四篇。
606 0  @a现代科学@x高等学校@j教材
690    @aN43@v5
701  0 @a刘啸霆@9liu xiao ting@4主编
801  0 @aCN@bOLCC@c20171022
905    @b1036331-5@dN43@f5@e124
    
    现代科学与技术概论/刘啸霆主编.-北京:高等教育出版社,2014.4(2016.10)
    384页;23cm
    北京高等教育精品教材
    
    ISBN 978-7-04-032821-9:CNY33.20
    本书内容包括对全部自然科学和技术的主要内容及思想方法作概要式的定性描述或鸟瞰。具体分为科学技术的由来、现代科学、现代技术、科学技术与社会四篇。
●
相关链接 在E读中查询图书 在五车中查询图书 在当当中查询图书 在豆瓣中查询图书


正题名:现代科学与技术概论     索取号:N43/124         预约/预借

序号 登录号 条形码 馆藏地/架位号 状态 备注
1 1036331   210363319   第二样本阅览室/ [索取号:N43/124] 在馆    
2 1036332   210363328   密集书库-生命科学系/ [索取号:N43/124] 在馆    
3 1036333   210363337   第三借阅区/ [索取号:N43/124] 在馆    
4 1036334   210363346   第三借阅区/ [索取号:N43/124] 在馆    
5 1036335   210363355   第三借阅区/ [索取号:N43/124] 在馆    
唐山师范学院图书馆 欢迎您!
大连网信软件有限公司© 版权所有